|
|
|
|
| LEADER |
01066cam a2200301 7i4500 |
| 001 |
0000034070 |
| 005 |
20170307090000.0 |
| 006 |
## mgq z f |
| 007 |
##cc cg# auaap |
| 008 |
170306 |
| 090 |
0 |
0 |
|a PHOT 300.02 M 2017
|
| 100 |
1 |
# |
|a Maziah Mustafar
|e Project Officer
|
| 245 |
1 |
0 |
|a Sesi Pitching Bersama Syarikat-syarikat TRADEX (26 Januari 2017,Bilik Jakarta, MATRADE, Kuala Lumpur)
|c Maziah Mustafar.
|
| 264 |
3 |
0 |
|a Kuala Lumpur:
|b MATRADE,
|c 2017.
|
| 300 |
# |
# |
|a 1 CD-RW (62 photographs):
|b illustration, color;
|c 4 <U+00BE> in..
|
| 336 |
# |
# |
|a still image
|b sti
|2 rdacontent
|
| 337 |
# |
# |
|a computer
|b c
|2 rdamedia
|
| 338 |
# |
# |
|a computer disc
|b cd
|2 rdacarrier
|
| 347 |
# |
# |
|a image file
|b JPEG
|2 rda
|
| 600 |
0 |
0 |
|a Dzulkifli Mahmud, Dato'
|
| 600 |
0 |
0 |
|a Sharimahton Mat Saleh
|
| 600 |
0 |
0 |
|a Mansor Shah Wahid
|
| 600 |
0 |
0 |
|a Rahmatul Naain Mohd Ruslan
|
| 600 |
0 |
0 |
|a Maziah Mustafar
|
| 600 |
0 |
0 |
|a Md Silmi Abd Rahman
|
| 610 |
# |
0 |
|a TRADEX
|
| 650 |
1 |
0 |
|a MATRADE --
|x Photograph Collections --
|y 2015
|
| 999 |
|
|
|a PC00001616
|b Photographs
|c Photographs
|e Business Information Centre
|